| 000 | 00343nam a2200133Ia 4500 | ||
|---|---|---|---|
| 008 | 231129s1973||||xx |||||||||||||| ||spa|| | ||
| 040 | _bspa | ||
| 082 | _a340.309 R763p | ||
| 100 | _aRomero Soto Julio | ||
| 245 | 0 | _aPsicologia judicial y psiquiatria forense | |
| 260 | _c1973 | ||
| 264 | _aBogotá (Colombia): Presencia | ||
| 942 |
_2ddc _cBKS |
||
| 999 |
_c23491 _d23491 |
||